logo

Bir Sreshtho Munshi Abdur Rouf Library
Jhenaidah Cadet College

A college treasury / (Record no. 9051)

MARC details
000 -LEADER
fixed length control field 00683cam a2200241u 4500
001 - CONTROL NUMBER
JCCL Control Number 9051
003 - CONTROL NUMBER IDENTIFIER
JCCL marc code BD-JhCC
005 - DATE AND TIME OF LATEST TRANSACTION
control field 20180321173807.0
008 - FIXED-LENGTH DATA ELEMENTS--GENERAL INFORMATION
fixed length control field 811203s1956 nyu 000 0 eng
035 ## - SYSTEM CONTROL NUMBER
system control number (BD-JhCC)9051
040 ## - CATALOGING SOURCE
Original cataloging agency DLC
Transcribing agency CarP
Modifying agency DLC
-- BD-JhCC
041 ## - LANGUAGE CODE
Language code of Book eng
050 00 - LIBRARY OF CONGRESS CALL NUMBER
Classification number PR1109
Item number .J6
082 ## - DEWEY DECIMAL CLASSIFICATION NUMBER
Author mark and Year COL 1956
Classification number 808.04275
245 12 - TITLE STATEMENT
Title A college treasury /
Statement of responsibility, etc edited by Paul A. Jorgensen and Frederick B. Shroyer
260 ## - PUBLICATION, DISTRIBUTION, ETC. (IMPRINT)
Place of publication, distribution, etc New York,
Name of publisher, distributor, etc Scribner
Date of publication, distribution, etc [1956]
300 ## - PHYSICAL DESCRIPTION
Pagination 598 p. :
Dimensions 24 cm.
650 #0 - SUBJECT ADDED ENTRY--TOPICAL TERM
Topical term or geographic name as entry element English literature.
650 #0 - SUBJECT ADDED ENTRY--TOPICAL TERM
Topical term or geographic name as entry element American literature.
700 1# - ADDED ENTRY--PERSONAL NAME
Personal name Shroyer, Frederick B., [from old catalog]
942 ## - ADDED ENTRY ELEMENTS (KOHA)
Source of classification or shelving scheme Dewey Decimal Classification
Koha item type Books
Holdings
Source of classification or shelving scheme Damaged status Not for loan Home library Current library Shelving location Total Checkouts Full call number Barcode Date last seen Copy number Koha item type
Dewey Decimal Classification     JCC Rouf Library JCC Rouf Library General Stacks   808.04275 COL 1956 12095 03/07/2018 C - 1 Books

JCC Library | Contacts | JCC Home

Last Update on 23 September 2017
Copyright @ 2017-2020 JCC Rouf Library
Rouf Library, Jhenidah Cadet College (JCC), Bangladesh